Les 10 joueurs avec le plus de dribbles réussis en Ligue 1 2015/16. - Statistiques

Statistiques générales
  • Ce quiz a été pris 61 fois
  • Le résultat moyen est 3 sur 10
Statistiques - réponses
Dribbles
Réussis
Joueurs Clubs Nationalités % Correct
152 Hatem Ben Arfa Nice France
83%
98 Lucas PSG Bresil
79%
127 Sofiane Boufal Lille Maroc
59%
107 Ousmane Dembele Rennes France
41%
69 Ryad Boudebouz Montpellier Algerie
31%
82 Nicolas De Preville Reims France
12%
65 Georges-Kevin Nkoudou Marseille Cameroun
10%
80 Oscar Trejo Toulouse Argentine
10%
70 Seko Fofana Bastia Côte d'ivoire
5%
78 Lassana Diarra Marseille France
3%
Aucun quiz correspondant
Distribution des résultats
% des personnes avec chaque résultat
Percentile par nombre de réponses
Votre historique - résultats
Vous n’avez pas pris ce quiz